The atmospheres of venus and mars (Record no. 3225)

MARC details
000 -LEADER
fixed length control field 00931nam a2200229Ia 4500
003 - CONTROL NUMBER IDENTIFIER
control field IN-BaIIA
008 - FIXED-LENGTH DATA ELEMENTS--GENERAL INFORMATION
fixed length control field 211028s9999 xx 000 0 eng d
040 ## - CATALOGING SOURCE
Transcribing agency IIA Library
080 ## - UNIVERSAL DECIMAL CLASSIFICATION NUMBER
Universal Decimal Classification number 523.42:43
Item number THE
111 ## - MAIN ENTRY--MEETING NAME
Meeting name or jurisdiction name as entry element Conference on the atmospheres of venus and mars
Location of meeting Arizona
Date of meeting or treaty signing 1967 Feb. 28 to Mar. 2
9 (RLIN) 5727
245 #4 - TITLE STATEMENT
Title The atmospheres of venus and mars
Remainder of title proceedings of the symposium held in Tucson, Arizona from February 28 to March 2, 1967
Statement of responsibility, etc. edited by John C. Brandt and Michael B. Mcelroy
260 ## - PUBLICATION, DISTRIBUTION, ETC.
Place of publication, distribution, etc. New York
Name of publisher, distributor, etc. Gordon and Breach Science
Date of publication, distribution, etc. 1968
300 ## - PHYSICAL DESCRIPTION
Extent viii, 288p.
650 ## - SUBJECT ADDED ENTRY--TOPICAL TERM
Topical term or geographic name entry element Astronomy and astrophysics thesaurus
650 ## - SUBJECT ADDED ENTRY--TOPICAL TERM
Topical term or geographic name entry element Planet mars
9 (RLIN) 1263
650 ## - SUBJECT ADDED ENTRY--TOPICAL TERM
Topical term or geographic name entry element Planetary atmospheres
9 (RLIN) 5728
650 ## - SUBJECT ADDED ENTRY--TOPICAL TERM
Topical term or geographic name entry element Venus
9 (RLIN) 1328
700 ## - ADDED ENTRY--PERSONAL NAME
Personal name Brandt, John C., ed.
9 (RLIN) 5729
700 ## - ADDED ENTRY--PERSONAL NAME
Personal name Mcelroy, Michael B., ed.
9 (RLIN) 5730
710 ## - ADDED ENTRY--CORPORATE NAME
Corporate name or jurisdiction name as entry element Kitt Peak National Observatory
9 (RLIN) 5731
942 ## - ADDED ENTRY ELEMENTS (KOHA)
Koha item type Books
Holdings
Withdrawn status Lost status Damaged status Not for loan Home library Current library Shelving location Date acquired Cost, normal purchase price Total Checkouts Full call number Barcode Date last seen Cost, replacement price Price effective from Koha item type Purchase Price
        IIA Library-Bangalore IIA Library-Bangalore General Stacks 21/03/1969 103.75   523.42:43/ THE 3583 05/11/2021 103.75 21/03/1969 Books Rs. 103.75

Powered by Koha